LIBRARY & INFORMATION CENTRE, KCAET, TAVANUR

ONLINE PUBLIC ACCESS CATALOGUE (OPAC)

Neermathalam Pootha Kaalam (Record no. 15371)

MARC details
000 -LEADER
fixed length control field 00322nam a22001337a 4500
020 ## - INTERNATIONAL STANDARD BOOK NUMBER
ISBN 9788171302444
082 ## - DEWEY DECIMAL CLASSIFICATION NUMBER
Classification number 920.894 812
Item number MAD/NE
100 ## - MAIN ENTRY--AUTHOR NAME
Personal name Madhavikkutty
245 ## - TITLE STATEMENT
Title Neermathalam Pootha Kaalam
260 ## - PUBLICATION, DISTRIBUTION, ETC. (IMPRINT)
Place of publication Kottayam
Name of publisher D.C Books
Year of publication 2018
300 ## - PHYSICAL DESCRIPTION
Number of Pages 263
650 ## - SUBJECT ADDED ENTRY--TOPICAL TERM
Topical Term Malayalam Fiction
942 ## - ADDED ENTRY ELEMENTS (KOHA)
Koha item type Books
Holdings
Withdrawn status Lost status Damaged status Home library Current library Date acquired Cost, normal purchase price Full call number Accession Number Koha item type
      KAUAET KAUAET 13/04/2018 250.00 920.894 812 MAD/NE 25654 Books
free website counter